The Columbia history of the world / (Record no. 7297)

MARC details
000 -LEADER
fixed length control field 00922cam a2200229 4500
001 - CONTROL NUMBER
control field 8438
003 - CONTROL NUMBER IDENTIFIER
control field OCoLC
005 - DATE AND TIME OF LATEST TRANSACTION
control field 20181127185937.0
008 - FIXED-LENGTH DATA ELEMENTS--GENERAL INFORMATION
fixed length control field 821109r19811972nyub b 001 0 eng d
020 ## - INTERNATIONAL STANDARD BOOK NUMBER
International Standard Book Number 0880290048
100 ## - MAIN ENTRY--PERSONAL NAME
Personal name Garraty, John A.
Numeration
Titles and words associated with a name
Dates associated with a name
Relator term editor
Fuller form of name
245 04 - TITLE STATEMENT
Title The Columbia history of the world /
Statement of responsibility, etc. editors: John A. Garraty [and] Peter Gay.
260 ## - PUBLICATION, DISTRIBUTION, ETC.
Place of publication, distribution, etc. New York :
Name of publisher, distributor, etc. Dorset Press
Date of publication, distribution, etc. 1981, c1972.
300 ## - PHYSICAL DESCRIPTION
Extent xx, 1237 p. :
Other physical details maps,
Dimensions 25 cm.
500 ## - GENERAL NOTE
General note ""This edition published ... by arrangement with Harper & Row, Publishers.""
504 ## - BIBLIOGRAPHY, ETC. NOTE
Bibliography, etc. note Includes bibliographical references and index.
505 0# - FORMATTED CONTENTS NOTE
Formatted contents note pt. 1. The ancient world -- pt. 2. The world, 500-1500 -- pt. 3. Toward modernity -- pt. 4. The age of revolution -- pt. 5. The modern world.
650 #0 - SUBJECT ADDED ENTRY--TOPICAL TERM
Topical term or geographic name entry element World history.
700 1# - ADDED ENTRY--PERSONAL NAME
Personal name Garraty, John A.
Fuller form of name (John Arthur),
Dates associated with a name 1920-2007
Personal name Gay, Peter,
Dates associated with a name 1923-2015
710 2# - ADDED ENTRY--CORPORATE NAME
Corporate name or jurisdiction name as entry element Columbia University.
Holdings
Withdrawn status Lost status Source of classification or shelving scheme Damaged status Not for loan Collection code Home library Current library Shelving location Serial Enumeration / chronology Inventory number Total Checkouts Total Renewals Full call number Barcode Date last seen Date last checked out Copy number Price effective from Koha item type Date acquired
    Dewey Decimal Classification     Main TEST RTC Library RTC Library Main opac 12473 5 5 909 GAR 30012967 25/03/2020 21/03/2020 4 27/11/2018 Main  
    Dewey Decimal Classification     Main TEST RTC Library RTC Library Main opac 12474 9 4 909 GAR 30011922 19/08/2025 14/08/2025 2 27/11/2018 Main 20/03/2023
    Dewey Decimal Classification     Main TEST RTC Library RTC Library Main opac 12471 3 2 909 GAR 30011561 22/09/2019 10/09/2019 2 27/11/2018 Main  
    Dewey Decimal Classification     Main TEST RTC Library RTC Library Main opac 12470 3   909 GAR 30012601 03/09/2019 27/08/2019 1 27/11/2018 Main  
Royal Thimphu College || All Right Reserved